Slavnyj rycar´ Don-Kihot Lamancskij (Record no. 3184)

MARC details
000 -CABECERA
campo de control de longitud fija 01705nam a2200325 a 4500
001 - NÚMERO DE CONTROL
campo de control BRCA_3448
005 - FECHA Y HORA DE LA ÚLTIMA TRANSACCIÓN
campo de control 20190320204304.0
041 ## - CÓDIGO DE LENGUA
Código de lengua del texto/banda sonora o título independiente rus
044 ## - CÓDIGO DEL PAÍS DE LA ENTIDAD EDITORA/PRODUCTORA
Código MARC del país ru
084 ## - OTRO NÚMERO DE CLASIFICACIÓN
Número de clasificación 737
Número de documento/Ítem .K66
-- 1895
100 1# - ENTRADA PRINCIPAL--NOMBRE DE PERSONA
Nombre de persona Cervantes Saavedra, Miguel de
Fechas asociadas al nombre 1547-1616
9 (RLIN) 213
245 10 - MENCIÓN DE TÍTULO
Título Slavnyj rycar´ Don-Kihot Lamancskij
Mención de responsabilidad, etc. roman Migelja Servantesa.
260 ## - PUBLICACIÓN, DISTRIBUCIÓN, ETC.
Lugar de publicación, distribución, etc. Moscú
Nombre del editor, distribuidor, etc. Izdanie Kniznago Magazina : A. G. Kol´cugina
Fecha de publicación, distribución, etc. 1895
300 ## - DESCRIPCIÓN FÍSICA
Extensión 2 v.
Otras características físicas il.
Dimensiones 24 cm.
500 ## - NOTA GENERAL
Nota general Contenido : v.1. Primera parte. Retrato de Cervantes. Prólogo del autor. -- v.2. Segunda parte. Prólogo del autor. Vida y obra de Cervantes por L. Viardot, traducida al ruso del francés
500 ## - NOTA GENERAL
Nota general Edición : Novyj polnyj perevod E. M. oskvitinova/. S portretom Servantesa, s primecanijani i stat´eju L. Viardo: ´Zizn´i proizvedenija Servantesa´ ... i ... kartinami Gustava Dore
500 ## - NOTA GENERAL
Nota general Versión rusa supuestamente de Moskvitinov con la vida de Cervantes y notas escritas en francés por L. Viardot y traducidas al ruso. Va adornada con los dibujos de Gustavo Doré. Semipiel; lomeras decoradas con filetes dorados Lúdovik Osterc
500 ## - NOTA GENERAL
Nota general Estado físico : Lomo desprendido y primeras hojas desprendidas
500 ## - NOTA GENERAL
Nota general QM561B
546 ## - NOTA DE LENGUA/LENGUAJE
Nota de lengua/lenguaje Texto en : ruso
650 14 - PUNTO DE ACCESO ADICIONAL DE MATERIA--TÉRMINO DE MATERIA
Término de materia o nombre geográfico como elemento de entrada Novela española
Subdivisión cronológica Época clásica, 1500-1700
9 (RLIN) 215
650 14 - PUNTO DE ACCESO ADICIONAL DE MATERIA--TÉRMINO DE MATERIA
Término de materia o nombre geográfico como elemento de entrada Literatura española
Subdivisión cronológica Época clásica, 1500-1700
9 (RLIN) 216
650 14 - PUNTO DE ACCESO ADICIONAL DE MATERIA--TÉRMINO DE MATERIA
Término de materia o nombre geográfico como elemento de entrada Novela española
Subdivisión cronológica Siglo XVII
9 (RLIN) 217
650 14 - PUNTO DE ACCESO ADICIONAL DE MATERIA--TÉRMINO DE MATERIA
Término de materia o nombre geográfico como elemento de entrada Don Quijote (Personaje ficticio)
Término indicativo de función/relación Novela
9 (RLIN) 218
700 1# - PUNTO DE ACCESO ADICIONAL--NOMBRE DE PERSONA
Nombre de persona Viardot, Louis
Fechas asociadas al nombre 1800-1883
Término indicativo de función/relación Biógrafo
9 (RLIN) 9020
700 1# - PUNTO DE ACCESO ADICIONAL--NOMBRE DE PERSONA
Nombre de persona Doré, Paul Gustave
Fechas asociadas al nombre 1832-1883
Término indicativo de función/relación Ilustrador
9 (RLIN) 9021
740 0# - PUNTO DE ACCESO ADICIONAL--TÍTULO RELACIONADO O ANALÍTICO NO CONTROLADO
Título relacionado o analítico no controlado El Ingenioso Hidalgo Don Quijote de la Mancha
902 ## - CATALOGADOR
Iniciales QFM
942 ## - ELEMENTOS DE PUNTO DE ACCESO ADICIONAL (KOHA)
Fuente del sistema de clasificación o colocación Library of Congress Classification
Tipo de ítem Koha Libros
Holdings
Estado de retiro Estado de pérdida Estado dañado No para préstamo Localización permanente Ubicación/localización actual Fecha de adquisición Número de inventario Total de préstamos Signatura topográfica completa Código de barras Fecha visto por última vez Precio válido a partir de Tipo de ítem Koha
El ejemplar forma parte de la colección y puede ser consultado según las políticas vigentes.       Biblioteca del Museo Franz Mayer (Rogerio Casas-Alatriste) Biblioteca del Museo Franz Mayer (Rogerio Casas-Alatriste) 14/04/2009 QM561B   737 .K66 1895 (QM561B) 3445 22/03/2019 22/03/2019 Libros